Một khúc cầm chơi : Truyện vừa

Đã lưu trong:
Sonraí Bibleagrafaíochta
Príomhúdar: Trần, Kim Trắc
Formáid: Leabhar
Teanga:Undetermined
Foilsithe: Thành phố Hồ Chí Minh Trẻ 2005
Ábhair:
Clibeanna: Cuir Clib Leis
Gan Chlibeanna, Bí ar an gcéad duine leis an taifead seo a chlibeáil!
Thư viện lưu trữ: Trung tâm Học liệu Trường Đại học Cần Thơ
LEADER 00577nam a2200205Ia 4500
001 CTU_88446
008 210402s9999 xx 000 0 und d
020 |c 11000 
082 |a 895.922301 
082 |b Tr113 
100 |a Trần, Kim Trắc 
245 0 |a Một khúc cầm chơi : 
245 0 |b Truyện vừa 
245 0 |c Trần Kim Trắc 
260 |a Thành phố Hồ Chí Minh 
260 |b Trẻ 
260 |c 2005 
650 |a Short stories, vietnamese 
904 |i Truc,Hải 
980 |a Trung tâm Học liệu Trường Đại học Cần Thơ